000 00557cam a2200193 4500
001 768347
005 20180202081709.0
008 710323s1970 miua 000 0 eng
010 _a 71112745
040 _aDLC
_cDLC
_dDLC
041 _aeng
080 _a616.39 MIC
082 0 0 _a616.39 MIC
100 _a10
101 _aNUT
245 0 0 _aScope manual on nutrition
_c[by] Michael C. Latham [and others] Dept. of Nutrition, School of Public Health, Harvard University.
906 _a7
_bcbc
_corignew
_d4
_encip
_f19
_gy-gencatlg
942 _2ddc
_cBK
999 _c41682
_d41682